000 00446nam a2200205Ia 4500
001 109540
003 YMCAF
005 20230512162354.0
008 100717s2002 ||||||||||||||||| ||und|d
024 _a109540
035 _aWB527
040 _aYMCAF
_beng
_cIN-KoLT
041 _aeng
082 _a621.381
_b5 MUR
100 _aMurari, Bertotti
245 0 _aSmart Power ICS
260 _bSpringer
_c2002
300 _a565
942 _2ddc
_cBK
999 _c11498
_d11498